[Event "Augustow op-B"]
[Site "Augustow"]
[Date "1996.??.??"]
[Round "?"]
[White "Mazur, Eugeniusz"]
[Black "Stanisz, T."]
[Result "1-0"]
[WhiteElo "2000"]
[BlackElo "1800"]
[PlyCount "57"]
[EventDate "1996.??.??"]
[EventType "swiss"]
[EventRounds "9"]
[EventCountry "POL"]
[SourceTitle "EXT 2003"]
[Source "ChessBase"]
[SourceDate "2002.11.25"]
[SourceVersion "1"]
[SourceVersionDate "2002.11.25"]
[SourceQuality "1"]

1. e4 c5 2. Nf3 e6 3. d4 cxd4 4. Nxd4 a6 5. Be2 Nf6 6. Nc3 Qc7 7. 0-0 Be7 8. Kh1 0-0 9. f4 d6 10. Be3 Nc6 11. a3 b5 12. Bf3 Nxd4 13. Qxd4 Nd7 14. f5 Bf6 15. Qd2 Ne5 16. Bd4 Nc4 17. Qf2 Bxd4 18. Qxd4 Nxb2 19. Nxb5 axb5 20. Qxb2 Rb8 21. f6 e5 22. Be2 gxf6 23. Rxf6 Kh8 24. Raf1 Be6 25. Bh5 Rbc8 26. h3 Qxc2 27. Qxc2 Rxc2 28. Rxe6 Rg8 29. Bxf7 1-0

[Event "Augustow op-B"]
[Site "Augustow"]
[Date "1996.??.??"]
[Round "?"]
[White "Miszczak, Dariusz"]
[Black "Mazur, Eugeniusz"]
[Result "1-0"]
[WhiteElo "2040"]
[BlackElo "2000"]
[PlyCount "71"]
[EventDate "1996.??.??"]
[EventType "swiss"]
[EventRounds "9"]
[EventCountry "POL"]
[SourceTitle "EXT 2003"]
[Source "ChessBase"]
[SourceDate "2002.11.25"]
[SourceVersion "1"]
[SourceVersionDate "2002.11.25"]
[SourceQuality "1"]

1. e4 c5 2. Nc3 e6 3. f4 d6 4. Nf3 g6 5. g3 Bg7 6. Bg2 Ne7 7. d3 Nd7 8. 0-0 0-0 9. Bd2 Rb8 10. Rb1 b5 11. a3 a5 12. a4 bxa4 13. Nxa4 Ba6 14. Re1 Qc7 15. Kh1 c4 16. Be3 Nb6 17. d4 Bb7 18. Nc3 Rfd8 19. Bf2 h6 20. Qe2 Kh7 21. g4 f5 22. exf5 gxf5 23. Qxe6 fxg4 24. Qxg4 Bc8 25. Qh5 Kg8 26. Bh4 Bf8 27. Bxe7 Bxe7 28. Qg6+ Kf8 29. Qxh6+ Kg8 30. Bh3 Bf8 31. Rg1+ Bg7 32. Rxg7+ Qxg7 33. Rg1 Qxg1+ 34. Nxg1 Bxh3 35. Nxh3 Rd7 36. Qe6+ 1-0